Mot mystérieux - Série 61 - Statistiques

Statistiques générales
  • Ce quiz a été pris 66 fois
  • Le résultat moyen est 6 sur 10
Statistiques - réponses
Indices Mot % Correct
savon - air - pape - champagne bulle
91%
vélo - frein - embrayage - douce pédale
80%
ouvrir - débutantes - jo - papa bal
62%
assaut - voile - carnaval - combat char
56%
pain - alouette - casse - paté croute
49%
presse - expression - statue - juge liberté
47%
glace - gazon - patin - subaquatique hockey
45%
riz - soupe - air or bol
44%
guerre - coeur - joie - dernier cri
40%
rangement - bouillon - bois - hexaèdre cube
36%
Aucun quiz correspondant
Distribution des résultats
% des personnes avec chaque résultat
Percentile par nombre de réponses
Votre historique - résultats
Vous n’avez pas pris ce quiz